Statistics for Taylor Swift - I Forgot That You Existed Lyrics

Click here to take the quiz!

General Stats

  • This quiz has been taken 74 times
  • The average score is 254 of 294

Answer Stats

Answer% Correct
a
100%
and
100%
And
100%
existed
100%
for
100%
forgot
100%
I
100%
It
100%
it
100%
that
100%
ya
100%
you
100%
(So
98%
So
98%
so
98%
was
98%
In
93%
in
93%
just
93%
love
93%
me
93%
the
93%
then
93%
but
90%
But
90%
isn't
90%
on
90%
thought
90%
who
90%
would
90%
all
88%
did
88%
didn't
88%
hate
88%
indifference
88%
It's
88%
it's
88%
kill
88%
nice
88%
peaceful
88%
some
88%
were
88%
what
88%
my
86%
night
86%
one
86%
quiet
86%
lessons
83%
magical
83%
Taught
83%
hard
81%
yeah)
81%
yeah
81%
Your
81%
your
81%
as
79%
down
79%
happened
79%
to
79%
blur
76%
got
76%
message
76%
something
76%
they
76%
wrong
76%
wrong?
76%
are
74%
clear
74%
how
74%
How
74%
soon
74%
ya
74%
'bout
71%
Free
71%
ground
71%
many
71%
mind
71%
popcorn
71%
sent
71%
show
71%
days
69%
going
69%
gone
69%
hit
69%
if
69%
livin'
69%
rent
69%
rep
69%
spend
69%
than
69%
would've
69%
Would've
69%
from
67%
get
67%
lips
67%
more
67%
of
67%
showed
67%
started
67%
thinkin'
67%
tongue
67%
couldn't
64%
Even
64%
feelings
64%
name
64%
there
64%
tied
64%
town
64%
up
64%
away
62%
Drake
62%
out
62%
right
62%
sunshine
62%
around
60%
been
60%
came
60%
front
60%
Laughed
60%
nobody
60%
row
60%
school
60%
stuck
60%
tripped
60%
whole
60%
yard
60%
'til
57%
fought
55%
shade
55%
throwin'
55%
Lived
50%

Score Distribution

Percentile by Number Answered

Percent of People with Each Score

Your Score History

You have not taken this quiz